00302 a2200121 450000100060000002000180000604000240002424000450004824500400009330000070013336200090014065000310014947457 a9788524914416 cAnchieta - Aquarius10aCurumim Abaré imitando os animaislpor10aCurumim Abaré imitando os animais a310 a2008 4aLiteratura infanto-juvenil